Quan niệm về thơ và nhà thơ trong thơ Chế Lan Viên

Giới thiệu chung về nhà thơ Chế Lan Viên và qúa trình sáng tác của nhà thơ. Quan niệm sáng tác về thơ trong thơ Chế lan Viên. Quan niệm về nhà thơ trong thơ Chế Lan Viên. Quan niệm về thơ và nhà thơ trong thơ Chế Lan Viên.

Saved in:
Bibliographic Details
Main Author: Đặng Thị Minh Hằng
Other Authors: Phan Ngọc Thu TS (Hướng dẫn)
Format: Book
Language:Vietnamese
Published: Đà Nẵng Đà Nẵng Trường Đại học Sư phạm 2008
Subjects:
Tags: Add Tag
No Tags, Be the first to tag this record!
Institutions: Mạng thư viện Đại học Đà Nẵng
LEADER 01545nam a2200337 4500
001 000010963
003 7190
005 20111226151236.0
008 111226s2008 viesd
041 |a vie 
072 |a Khóa luận tốt nghiệp 
082 |a 895.9221  |b ĐĂ-H 
100 1 |a Đặng Thị Minh Hằng 
245 1 |a Quan niệm về thơ và nhà thơ trong thơ Chế Lan Viên  |c Đặng Thị Minh Hằng 
260 |a Đà Nẵng Đà Nẵng  |b Trường Đại học Sư phạm  |c 2008 
300 |a 71 tr.  |c 29 cm 
500 |a Khóa luận tốt nghiệp Đại học. Chuyên ngành: Ngành Sư phạm Ngữ văn 
520 |a Giới thiệu chung về nhà thơ Chế Lan Viên và qúa trình sáng tác của nhà thơ. Quan niệm sáng tác về thơ trong thơ Chế lan Viên. Quan niệm về nhà thơ trong thơ Chế Lan Viên. Quan niệm về thơ và nhà thơ trong thơ Chế Lan Viên. 
653 |a Khóa luận tốt nghiệp Đại học 
653 |a Khoa Ngữ văn 
700 1 |a Phan Ngọc Thu  |c TS  |e Hướng dẫn 
OWN |a LSP 
AVA |a UDN50  |b LSP  |d 895.9221 ĐĂ-H  |e available  |t Error 5001 Not defined in file expand_doc_bib_avail.  |f 1  |g 0  |h N  |i 0  |k 1 
999 |a From the UDN01 
AVA |a UDN50  |b LSP  |d 895.9221 ĐĂ-H  |e available  |t Error 5001 Not defined in file expand_doc_bib_avail.  |f 1  |g 0  |h N  |i 0  |k 1 
TYP |a Monograph 
TYP |a Printed language 
980 |a Mạng thư viện Đại học Đà Nẵng